| 000 | 01259nam a2200229 a 4500 | ||
|---|---|---|---|
| 001 | 000047490 | ||
| 003 | OSt | ||
| 005 | 20201210075352.0 | ||
| 008 | 101007s2017 dr 001 0 spa d | ||
| 020 | _a9789945131925 | ||
| 040 |
_aDO-SdBNP _bspa _cBNPHU |
||
| 082 | 4 |
_a320.97293 _bT233r, 2017 _222 |
|
| 100 | 1 |
_aTaveras, Fafa, _917095 _d1938- |
|
| 245 | 1 | 0 |
_aRefundar la república / _cFafa Taveras. |
| 250 | _a2a. ed. | ||
| 260 |
_aSanto Domingo : _bGrupo Clacso, _c2017. |
||
| 300 |
_a201 p. ; _c22 cm. |
||
| 505 | 0 | _aLa dimensión de la crisis -- Crisis y civilización -- El nuevo modelo en la República Dominicana -- El impacto inmediato y previsible -- Perspectiva dominicana -- Lo que dejamos atras -- Crítica a nuestras practicas y concepciones organizativas -- Las influencias internas -- Nuestro deplorable accionar político -- El reduccionismo histórico -- Los límites del marxismo -- Identidad de izquierda -- El proyecto que necesitamos -- Lo que que no debe olvidarse -- Patria y bienestar -- Nación y diferencias sociales -- La perspectiva democratica -- Obstaculos para la democracia -- Refundar la república | |
| 590 | _aInventariado, 2018/VM | ||
| 651 | 4 |
_aRepública Dominicana _xPolítica y Gobierno _y1961 _9204 |
|
| 942 |
_2ddc _cLF1 |
||
| 999 |
_c46978 _d46978 |
||